000
00320nam a2200133 a 4500
008
981211s1976||||xx 0 und c
040
_a
SNK
_b
slo
_c
SNK
_e
AACR2
100
1
_a
Engels, Fridrich
245
1
0
_a
Dialektika prÃrody
260
_a
Bratislava
_b
Pravda
_c
1976
044
_a
xo
_c
SK
041
_a
slo
020
_c
11,50
999
_c
15492
_d
15492